000 00808nmm a2200253 a 4500
001 ocm000668125
003 TR-IsHL
005 20201028132356.0
008 131030s2008 tu tur
007 cr cn
035 _a668125
_b(N$T)
050 0 4 _aPL248.K38
_bE4 2008
090 0 4 _aPL248.K38
_bE4 2008
100 1 _aKatı, İsmail Ekrem
245 1 0 _aElazığ kabare: mahalli skeçler
_h[electronic resource] /
_cİsmail Ekrem Katı
260 _aElazığ :
_bÇayda Çıra Yayınevi,
_c2008
300 _a80 p.
650 4 _aGüzel Sanatlar
650 4 _aFine Arts
650 0 _aTürk tiyatrosu
650 0 _aTurkish theater
650 7 _aLITERARY COLLECTIONS / Middle Eastern
_2bisacsh
856 4 0 _uhttp://search.ebscohost.com/login.aspx?direct=true&scope=site&db=e011xww&AN=668125
999 _c5058
_d5058